00757cam a22002411 4500001001300000003000400013005001700017008004100034010001700075035002000092040001900112042001200131050002100143060002300164100003200187245003800219250003200257260005100289300001700340500009300357700004800450999001700498med47002172 DLC20260227111605.0810815s1947 xx a 000 0 eng  amed47002172  a(OCoLC)14740888 aDLCcDNLMdDLC apremarc00aRM700b.W65 19470 aWB 460bW931e 19471 aWorster, William W.,d1878-10aElements of physical medicine ... a7th ed. thoroughly rev. ... aSan Gabriel, Calif.,bCollege Pub. Co.c[1947] a333 p.bill. aEarlier editions published under titles: Physiotherapy and Elements of physical therapy.1 aWorster, William W.,d1878-tPhysiotherapy. c38526d38526